000
00198nam a2200085Ia 4500
008
170620s9999 xx 000 0 und d
100
_a
Kapoor - S. K.
245
0
_a
International Law
260
_b
Central Law Pub.
260
_c
2001
999
_c
28671
_d
28671